EPIC: The Musical - Lyrics Sort #13 - Ruthlessness - Statistics

General Stats
  • This quiz has been taken 177 times
    176 since last reset
  • The average score is 33 of 56
Answer Stats
Hint Answer % Correct
Line 1 Poseidon, Poseidon, Poseidon, Poseidon [1]
96%
Line 3 In all my years of living
91%
Line 5 I try to chill with the waves
90%
Line 6 But damn, you crossed the line
88%
Line 4 It isn't very often that I get pissed off
88%
Line 7 I've been so gracious
87%
Line 8 And yet, you hurt this son of mine
86%
Line 2 Poseidon, Poseidon, Poseidon, Poseidon [2]
85%
Line 9 That's right, the cyclops you made blind, is mine
85%
Line 11 I'm left without a choice and without a doubt
81%
Line 12 Guess the pack of wolves is swimming with the shark now
77%
Line 13 I've gotta make you bleed, I need to see you drown
77%
Line 14 But before you go, I need to make you learn how
76%
Line 10 No
74%
Line 15 Ruthlessness is mercy upon ourselves [1]
72%
Line 17 Ruthlessness is mercy upon ourselves [3]
63%
Line 16 (Ruthlessness is mercy upon ourselves) [2]
60%
Line 20 A Greek who reeks of false righteousness, that's what I hate
58%
Line 21 Cause you fight to save lives, but won't kill and don't get the job done
58%
Line 22 I mean, you totally could've avoided all this had you just killed my son
58%
Line 27 Unlike you, I've got no mercy left to give cause
58%
Line 24 You are far too nice, mercy has a price
58%
Line 23 But no
56%
Line 25 It's the final crack, we're bound to break the ice now
56%
Line 19 You are the worst kind of good cause you're not even great
55%
Line 35 Poseidon, we meant no harm
54%
Line 40 So close your heart, the world is dark and
54%
Line 39 The line between naïveté and hopefulness is almost invisible
54%
Line 36 We only hurt him to disarm him
54%
Line 38 We only wanted to escape
54%
Line 37 We took no pleasure in his pain
54%
Line 26 You reveal your name, then you let him live
54%
Line 32 And now it is finally time to say goodbye, today you die
53%
Line 34 For my son's pain and all his cries
53%
Line 18 Ourselves [1]
53%
Line 33 Unless, of course, you apologize
53%
Line 45 Ruthlessness is mercy upon our- (Captain, Captain) [3]
50%
Line 28 Ruthlessness is mercy upon ourselves [4]
50%
Line 30 Ruthlessness is mercy upon ourselves [6]
50%
Line 42 Die
49%
Line 44 Ruthlessness is mercy upon our- (Captain, Captain) [2]
49%
Line 47 What have you done?
49%
Line 31 Ourselves [2]
47%
Line 29 (Ruthlessness is mercy upon ourselves) [5]
47%
Line 50 When does a man become a monster?
47%
Line 49 43 left under your command
46%
Line 54 All I gotta do is open this bag
45%
Line 53 Any last words?
45%
Line 56 Remember me
45%
Line 43 Ruthlessness is mercy upon our- (Captain, Captain) [1]
45%
Line 52 The monster that always draws near
45%
Line 51 I am your darkest moment
44%
Line 41 Ruthlessness is mercy
44%
Line 55 What?
44%
Line 48 When does a ripple become a tidal wave?
44%
Line 46 Ruthlessness is -
29%
No matching quizzes found
Score Distribution
Percent of People with Each Score
Percentile by Number Answered
Your Score History
You have not taken this quiz since the last reset